000 00319nam a2200145Ia 4500
008 230718s9999 xx 000 0 und d
041 _aEng.
082 _a346.03
_bLAL-L
100 _aLal Ratan
245 0 _aLaw of toarts
260 _aPakistan
_bLaw book Publisher
300 _a250
650 _aLaw
999 _c29931
_d29931